Permanencia y progreso en el cristianismo

Spremljeno u:
Bibliografski detalji
Glavni autor: Schmaus, Michael (Autor)
Format: Knjiga
Jezik:španjolski
Izdano: Madrid Taurus 1962
Serija:Cuadernos Taurus, 36
Teme:
Oznake: Dodaj oznaku
Bez oznaka, Budi prvi tko označuje ovaj zapis!

MARC

LEADER 00000nam a2200000 a 4500
001 UCR1829
003 CL-VaPUC
008 971219e19620000SP |||||||||||||||||spa|d
082 0 4 |a 230  |b SCH  |2 21 
100 0 |a Schmaus, Michael  |e author  |9 399361 
245 1 0 |a Permanencia y progreso en el cristianismo 
300 |a 40 p 
942 |c BK 
945 |d 19971219 00:00:00  |a jquezada 
260 |a Madrid  |b Taurus  |c 1962 
650 0 |a Teología cristiana  |9 308336 
650 0 |a Cristianismo  |9 257361 
650 0 |a Fe  |9 308036 
650 0 |a Espiritualidad   |9 267331 
583 |a last modification  |c 19971219 00:00:00  |k Rodrigo Vera 
490 0 |a Cuadernos Taurus, 36 
999 |c 265190  |d 265188 
952 |0 0  |1 0  |4 0  |6 230_000000000000000_SCH_1962  |7 0  |8 A  |9 296020  |a BIBTEO  |b BIBTEO  |d 2019-11-20  |i 3384020  |o 230 SCH 1962  |p 3384020  |r 2025-01-17  |w 2019-11-20  |y BK  |k ICR